The enforcement of adjudicator's awards under the Housing Grants Construction and Regeneration Act 1996 (Record no. 79985)

MARC details
000 -LEADER
fixed length control field 01761cab a22003015a 4500
001 - CONTROL NUMBER
control field L142948
008 - FIXED-LENGTH DATA ELEMENTS--GENERAL INFORMATION
fixed length control field 080325s2008 xxk f 000 0 eng d
035 ## - SYSTEM CONTROL NUMBER
System control number (Sirsi) u142948
041 0# - LANGUAGE CODE
Language code of text/sound track or separate title eng
100 1# - MAIN ENTRY--PERSONAL NAME
Personal name Salmon, Kenneth T.
245 04 - TITLE STATEMENT
Title The enforcement of adjudicator's awards under the Housing Grants Construction and Regeneration Act 1996
Name of part/section of a work art 26
260 ## - PUBLICATION, DISTRIBUTION, ETC.
Date of publication, distribution, etc. 2008
490 #0 - SERIES STATEMENT
Series statement Arbitration
Volume/sequential designation 74(1) February 2008, 87-94(8)
520 ## - SUMMARY, ETC.
Summary, etc. Examines the enforcement of adjudicator's awards under the provisions of the Housing Grants, Construction and Regeneration Act 1996. Covers the following topics with reference to recent case law: construction contract - terms in writing; construction operations; more than one dispute; effect of enforcement proceedings in later proceedings; jurisdiction - ad hoc submission; stay of proceedings to adjudication; and withholding payment after termination.
590 ## - LOCAL NOTE (RLIN)
Local note KA
650 24 - SUBJECT ADDED ENTRY--TOPICAL TERM
Topical term or geographic name entry element HOUSING GRANTS, CONSTRUCTION AND REGENERATION ACT 1996
650 24 - SUBJECT ADDED ENTRY--TOPICAL TERM
Topical term or geographic name entry element MAST ELECTRICAL SERVICES V KENDALL CROSS HOLDINGS LTD
650 24 - SUBJECT ADDED ENTRY--TOPICAL TERM
Topical term or geographic name entry element NORWEST HOLST LTD V DANIELI DAVY DISTINGTON
650 24 - SUBJECT ADDED ENTRY--TOPICAL TERM
Topical term or geographic name entry element BOTHMA V MAYHAVEN HEALTHCARE LTD
650 24 - SUBJECT ADDED ENTRY--TOPICAL TERM
Topical term or geographic name entry element MICHAEL JOHN CONSTRUCTION LTD V ST PETER'S RUGBY FOOTBALL CLUB
650 24 - SUBJECT ADDED ENTRY--TOPICAL TERM
Topical term or geographic name entry element RC PILLAR AND SON V THE CAMBER
650 24 - SUBJECT ADDED ENTRY--TOPICAL TERM
Topical term or geographic name entry element DGT STEEL AND CLADDING LTD V CUBITT BUILDING AND INTERIORS LTD
650 24 - SUBJECT ADDED ENTRY--TOPICAL TERM
Topical term or geographic name entry element PIERCE DESIGN INTERNATIONAL LTD V JOHNSTON AND ANOTHER
651 #4 - SUBJECT ADDED ENTRY--GEOGRAPHIC NAME
Geographic name England and Wales
Chronological subdivision 1543-
690 ## - LOCAL SUBJECT ADDED ENTRY--TOPICAL TERM (OCLC, RLIN)
Topical term or geographic name as entry element MANAGEMENT-DISPUTE AVOIDANCE, MANAGEMENT AND RESOLUTION-DISPUTE MANAGEMENT AND RESOLUTION-ALTERNATIVE DISPUTE RESOLUTION-ADJUDICATION-ADJUDICATION AWARDS
690 ## - LOCAL SUBJECT ADDED ENTRY--TOPICAL TERM (OCLC, RLIN)
Topical term or geographic name as entry element BUILT ENVIRONMENT-CONSTRUCTION MANAGEMENT-BUILDING CONTRACT ADMINISTRATION
942 ## - ADDED ENTRY ELEMENTS (KOHA)
Suppress in OPAC 0
Holdings
Withdrawn status Lost status Source of classification or shelving scheme Damaged status Not for loan Home library Current library Shelving location Date acquired Total Checkouts Full call number Barcode Date last seen Copy number Price effective from Koha item type
    Dewey Decimal Classification     London London Journal article 25/03/2008   L142948 142948-1001 06/08/2019 1 06/08/2019 Journal article